| 000 | 00594nam a2200205 i 4500 | ||
|---|---|---|---|
| 001 | 76102 | ||
| 003 | ES-MaACL | ||
| 005 | 20230906172723.0 | ||
| 007 | t| | ||
| 008 | 040929s1964 ag ||||1| spa d | ||
| 100 | 1 |
_aGreen, Julien. _959843 |
|
| 245 | 1 | 0 |
_aPartir antes del día / _cJulien Green ; [traducción de Augusto Guibourg]. |
| 260 |
_aBuenos Aires : _bEmecé, _c[1964] |
||
| 300 |
_a278 p. ; _c19 cm. |
||
| 490 | 1 | _aGrandes novelistas | |
| 700 | 1 |
_aGuibourg, Augusto. _960639 |
|
| 830 | 0 |
_aGrandes novelistas _9181770 |
|
| 852 |
_aES-MaACL _jA-7675 _bR.96494 |
||
| 999 |
_c76102 _d76102 |
||